[Event "W Suburban Winter GP 6th"]
[Site "Framingham"]
[Date "1989.01.??"]
[Round "?"]
[White "Kuhl, Peter"]
[Black "Sorits, Leonid"]
[Result "0-1"]
[WhiteElo "2060"]
[BlackElo "2358"]
[PlyCount "56"]
[EventDate "1989.01.??"]
[EventType "swiss"]
[EventRounds "4"]
[EventCountry "USA"]
[SourceTitle "EXT 2005"]
[Source "ChessBase"]
[SourceDate "2004.11.15"]
[SourceVersion "1"]
[SourceVersionDate "2004.11.15"]
[SourceQuality "1"]

1. e4 e6 2. d4 d5 3. Nd2 a6 4. c3 c5 5. e5 Nc6 6. Ndf3 Qb6 7. Ne2 Nge7 8. Ng3 cxd4 9. cxd4 Ng6 10. Be2 Bb4+ 11. Kf1 Be7 12. Nh5 0-0 13. g3 f6 14. exf6 Bxf6 15. Nxf6+ Rxf6 16. Bg5 Rf7 17. Qd2 e5 18. Kg2 exd4 19. Rhf1 Bf5 20. Nh4 Nxh4+ 21. Bxh4 Ne5 22. Rac1 d3 23. Bh5 g6 24. Bd1 Be4+ 25. f3 Raf8 26. Bg5 Nxf3 27. Bxf3 Rxf3 28. Rxf3 Bxf3+ 0-1